Statistics for Spider-Man 2: Enter Electro Heroes/Villains

Click here to take the quiz!

General Stats

  • This quiz has been taken 44 times
  • The average score is 4 of 10

Answer Stats

Answer% Correct
Electro
93%
Spider-Man
78%
Sandman
44%
Lizard
41%
Hammerhead
33%
Shocker
30%
Beast
26%
Professor X
22%
Rogue
19%
Beetle
11%

Score Distribution

Percentile by Number Answered

Percent of People with Each Score

Your Score History

You have not taken this quiz